Fundamentals of hydrology / (Record no. 11680)
[ view plain ]
| 000 -LEADER | |
|---|---|
| fixed length control field | 00953cam a2200277 i 4500 |
| 001 - CONTROL NUMBER | |
| control field | 15025381 |
| 003 - CONTROL NUMBER IDENTIFIER | |
| control field | EG-ScBUE |
| 005 - DATE AND TIME OF LATEST TRANSACTION | |
| control field | 20260419095028.0 |
| 008 - FIXED-LENGTH DATA ELEMENTS--GENERAL INFORMATION | |
| fixed length control field | 070927s2008 enk f b 001 0 eng d |
| 020 ## - INTERNATIONAL STANDARD BOOK NUMBER | |
| International Standard Book Number | 9780415399876 (softcover) |
| 040 ## - CATALOGING SOURCE | |
| Original cataloging agency | DLC |
| Language of cataloging | eng |
| Description conventions | rda |
| Transcribing agency | DLC |
| Modifying agency | EG-ScBUE |
| 082 04 - DEWEY DECIMAL CLASSIFICATION NUMBER | |
| Classification number | 551.48 |
| Edition number | 22 |
| Item number | DAV |
| 100 1# - MAIN ENTRY--PERSONAL NAME | |
| Personal name | Davie, Tim, |
| Relator term | author. |
| 9 (RLIN) | 5577 |
| 245 10 - TITLE STATEMENT | |
| Title | Fundamentals of hydrology / |
| Statement of responsibility, etc | Tim Davie. |
| 250 ## - EDITION STATEMENT | |
| Edition statement | Second edition. |
| 264 #1 - PUBLICATION, DISTRIBUTION, ETC. (IMPRINT) | |
| Place of publication, distribution, etc | Abingdon, Oxon ; |
| -- | N.Y., NY : |
| Name of publisher, distributor, etc | Routledge, |
| Date of publication, distribution, etc | 2008. |
| 300 ## - PHYSICAL DESCRIPTION | |
| Extent | xx, 200 pages [4] pages of plates : |
| Other physical details | illustrations (some color), maps (some color) ; |
| Dimensions | 25 cm |
| 336 ## - CONTENT TYPE | |
| Source | rdacontent |
| Content type term | text |
| Content type code | txt |
| 337 ## - MEDIA TYPE | |
| Media type term | unmediated |
| Source | rdamedia |
| Media type code | n |
| 338 ## - CARRIER TYPE | |
| Carrier type term | volume |
| Carrier type code | nc |
| Source | rdacarrier |
| 504 ## - BIBLIOGRAPHY, ETC. NOTE | |
| Bibliography, etc | Includes bibliographical references and index. |
| 650 #0 - SUBJECT ADDED ENTRY--TOPICAL TERM | |
| Topical term or geographic name as entry element | Hydrology |
| Form subdivision | Textbooks. |
| Source of heading or term | BUEsh |
| 9 (RLIN) | 5579 |
| 655 ## - INDEX TERM--GENRE/FORM | |
| Form subdivision | Reading book |
| 942 ## - ADDED ENTRY ELEMENTS (KOHA) | |
| Source of classification or shelving scheme | Dewey Decimal Classification |
| Koha item type | Book - Borrowing |
| Withdrawn status | Lost status | Source of classification or shelving scheme | Damaged status | Not for loan | Collection code | Home library | Current library | Shelving location | Date acquired | Source of acquisition | Cost, normal purchase price | Serial Enumeration / chronology | Total Checkouts | Full call number | Barcode | Date last seen | Price effective from | Koha item type |
|---|---|---|---|---|---|---|---|---|---|---|---|---|---|---|---|---|---|---|
| Dewey Decimal Classification | Alahram | Central Library | Central Library | First floor | 28/05/2009 | 260.00 | 371 | 551.48 DAV | 000016526 | 15/07/2025 | 28/05/2009 | Book - Borrowing |